[Event "8' Memorial Gino Serafini"]
[Site "?"]
[Date "2022.04.24"]
[Round "2"]
[White "Recchi, Antonio"]
[Black "Gattafoni, Alessio"]
[Result "0-1"]
[WhiteElo "1708"]
[BlackElo "2115"]
[PlyCount "90"]
[EventDate "2022.??.??"]

1. e4 e6 2. d4 d5 3. e5 c5 4. c3 Nc6 5. Nf3 Bd7 6. a3 c4 7. Nbd2 Na5 8. Be2 f5
9. exf6 Nxf6 10. Ne5 Bd6 11. f4 O-O 12. O-O Be8 13. Rb1 Qe7 14. g4 Nd7 15. Ndf3
Bxe5 16. dxe5 Bg6 17. f5 Qc5+ 18. Qd4 exf5 19. Nh4 Rfe8 20. gxf5 Rxe5 21. fxg6
Rxe2 22. gxh7+ Kxh7 23. Rf7 Qxd4+ 24. cxd4 Nf6 25. Bg5 Ne4 26. Bf4 Kg8 27. Rc7
Rf8 28. Be5 Rf7 29. Rxf7 Kxf7 30. Rf1+ Kg8 31. Nf5 Nc6 32. Bxg7 Rxb2 33. Rf3 c3
34. Rh3 c2 35. Rh8+ Kf7 36. Bh6 Rb1+ 37. Kg2 c1=Q 38. Bxc1 Rxc1 39. Ne3 Nf6 40.
Rc8 Rb1 41. Nf5 Ke6 42. Ng7+ Kd7 43. Rf8 Ke7 44. Rh8 Nxd4 45. Rh4 Kf7 0-1